| 000 | 00801nam a22002537a 4500 | ||
|---|---|---|---|
| 005 | 20251108173526.0 | ||
| 008 | 250721s9999 xx 000 0 ara d | ||
| 082 | 1 | 4 | _aط/956.5711/ملك |
| 100 | 1 | _aهنداوي، خليل | |
| 245 | 1 | 0 | _aالملك الظاهر بيبرس / |
| 264 | 1 |
_aبيروت : _bدار الشرق العربي، |
|
| 300 | _a103ص. | ||
| 490 | 0 | _aأعلام خالدون | |
| 650 | 1 | 7 | _aالملوك والحكام |
| 650 | 1 | 7 | _aالتراجم |
| 650 | 1 | 7 | _aالتاريخ الإسلامي |
| 650 | 1 | 7 | _aالمماليك البحرية 1382-1250 |
| 653 | _aناشئون صغار (10-14 سنة ) | ||
| 700 | 1 | _aالانطاكي، محمد | |
| 700 | 1 | _aحاضري، بدر الدين | |
| 700 | 1 | _aقجة، محمد | |
| 942 |
_2ddc _cBK |
||
| 999 |
_c106005 _d106005 |
||